Catálogo público

Evaluación técnica y financiera de una agroempresa productora de leche del estado de Jalisco / (Record no. 91848)

MARC details
000 -CABECERA
campo de control de longitud fija 01690nam a22004577a 4500
001 - NÚMERO DE CONTROL
campo de control 000095382
003 - IDENTIFICADOR DEL NÚMERO DE CONTROL
campo de control CHAP
005 - FECHA Y HORA DE LA ÚLTIMA TRANSACCIÓN
campo de control 20220329143107.0
008 - DATOS DE LONGITUD FIJA--INFORMACIÓN GENERAL
campo de control de longitud fija 060310d2006 mx r 00110 spa d
010 ## - NÚMERO DE CONTROL DE LA BIBLIOTECA DEL CONGRESO
Número de control de LC 91848
011 ## - ENLACE DEL NUMERO DE CONTROL DE LA BIBLIOTECA DEL CONGRESO [OBSOLETO]
Número de control de LC 92820
035 ## - NÚMERO DE CONTROL DEL SISTEMA
Número de control de sistema 103386
040 ## - FUENTE DE LA CATALOGACIÓN
Centro/agencia transcriptor CHAP
090 ## - LOCALMENTE ASIGNADO TIPO-LC NÚMERO DE CLASIFICACIÓN (OCLC); NÚMERO DE CLASIFICACIÓN LOCAL (RLIN)
Número de clasificación (OCLC) (R) ; Numero de clasificación, CALL (RLIN) (NR) Tesis
100 1# - ENTRADA PRINCIPAL--NOMBRE DE PERSONA
Nombre de persona López Orantes, William.
9 (RLIN) 68178
245 10 - MENCIÓN DE TÍTULO
Título Evaluación técnica y financiera de una agroempresa productora de leche del estado de Jalisco /
Mención de responsabilidad, etc. /por William López Orantes.
260 ## - PUBLICACIÓN, DISTRIBUCIÓN, ETC.
Lugar de publicación, distribución, etc. Chapingo, Méx. :
Nombre del editor, distribuidor, etc. El autor,
Fecha de publicación, distribución, etc. 2006.
300 ## - DESCRIPCIÓN FÍSICA
Extensión 66 h.
502 ## - NOTA DE TESIS
Nota de tesis Tesis (Ing. Agr. Esp. en Zootecnia) -- UACH. Departamento de Zootecnia
590 ## - NOTA LOCAL (RLIN)
Nota local ALEPH
Procedencia (VM) [OBSOLETO] 10
Condición del los carretes individuales (VM) [OBSOLETO] 20130110
-- UCH01
-- 1510
590 ## - NOTA LOCAL (RLIN)
Nota local BATCH-UPD
Procedencia (VM) [OBSOLETO] 10
Condición del los carretes individuales (VM) [OBSOLETO] 20130110
-- UCH01
-- 0752
590 ## - NOTA LOCAL (RLIN)
Nota local BATCH-UPD
Procedencia (VM) [OBSOLETO] 10
Condición del los carretes individuales (VM) [OBSOLETO] 20130410
-- UCH01
-- 0433
590 ## - NOTA LOCAL (RLIN)
Nota local BATCH-UPD
Procedencia (VM) [OBSOLETO] 10
Condición del los carretes individuales (VM) [OBSOLETO] 20130914
-- UCH01
-- 1304
590 ## - NOTA LOCAL (RLIN)
Nota local BATCH-UPD
Procedencia (VM) [OBSOLETO] 10
Condición del los carretes individuales (VM) [OBSOLETO] 20140324
-- UCH01
-- 1454
590 ## - NOTA LOCAL (RLIN)
Nota local BATCH-UPD
Procedencia (VM) [OBSOLETO] 10
Condición del los carretes individuales (VM) [OBSOLETO] 20141002
-- UCH01
-- 0829
590 ## - NOTA LOCAL (RLIN)
Nota local CONVERSION
Procedencia (VM) [OBSOLETO] 10
Condición del los carretes individuales (VM) [OBSOLETO] 20130109
-- UCH01
-- 1351
590 ## - NOTA LOCAL (RLIN)
Nota local E12093SGE
Procedencia (VM) [OBSOLETO] 10
Condición del los carretes individuales (VM) [OBSOLETO] 20130603
-- UCH01
-- 1127
650 14 - PUNTO DE ACCESO ADICIONAL DE MATERIA--TÉRMINO DE MATERIA
Término de materia o nombre geográfico como elemento de entrada Empresas agropecuarias.
9 (RLIN) 36649
650 14 - PUNTO DE ACCESO ADICIONAL DE MATERIA--TÉRMINO DE MATERIA
Término de materia o nombre geográfico como elemento de entrada Ganado lechero
Subdivisión general Jalisco.
9 (RLIN) 45273
650 14 - PUNTO DE ACCESO ADICIONAL DE MATERIA--TÉRMINO DE MATERIA
Término de materia o nombre geográfico como elemento de entrada Ganado lechero
Subdivisión general Producción.
9 (RLIN) 45288
650 14 - PUNTO DE ACCESO ADICIONAL DE MATERIA--TÉRMINO DE MATERIA
Término de materia o nombre geográfico como elemento de entrada Ganado lechero
Subdivisión general Reproducción.
9 (RLIN) 45294
650 14 - PUNTO DE ACCESO ADICIONAL DE MATERIA--TÉRMINO DE MATERIA
Término de materia o nombre geográfico como elemento de entrada Leche
Subdivisión general Producción.
9 (RLIN) 65400
650 14 - PUNTO DE ACCESO ADICIONAL DE MATERIA--TÉRMINO DE MATERIA
Término de materia o nombre geográfico como elemento de entrada Sistemas de producción.
9 (RLIN) 106767
856 ## - LOCALIZACIÓN Y ACCESO ELECTRÓNICOS
Especificación de materiales Finding aid
Identificador Uniforme del Recurso <a href="http://10.13.5.2/tesis/103386.pdf">http://10.13.5.2/tesis/103386.pdf</a>
Nota pública Teclea aquí
901 ## - ELEMENTOS DE DATOS A LOCAL LDA (RLIN)
a BK
905 ## - ELEMENTOS DE DATOS E LOCAL, LDE (RLIN)
a Alejandra Carrasco M.
942 ## - ELEMENTOS DE PUNTO DE ACCESO ADICIONAL (KOHA)
Tipo de ítem Koha CD
942 ## - ELEMENTOS DE PUNTO DE ACCESO ADICIONAL (KOHA)
Suprimir en OPAC 0
949 ## - PROCESAMIENTO DE INFORMACIÓN LOCAL (OCLC)
a Tesis
b BC
c TES
d 00000001033861
e TS1
g DonaciØn
h 44550
i 103386
s b
949 ## - PROCESAMIENTO DE INFORMACIÓN LOCAL (OCLC)
a Tesis
b BC
c TES
d 33724000999678
e TS2
f c.2
g DonaciØn
h 44551
i 103386
s b
Holdings
Estado de retiro Estado de pérdida Fuente del sistema de clasificación o colocación Estado dañado Restricciones de uso No para préstamo Código de colección Localización permanente Ubicación/localización actual Fecha de adquisición Fuente de adquisición Información codificada de la localización en otra ubicación Total de préstamos Signatura topográfica completa Código de barras Fecha visto por última vez Precio válido a partir de Tipo de ítem Koha Ubicación en estantería Número de copia
    Clasificación Universidad Autónoma de Chapingo   Préstamo interno   Tesis Biblioteca Central Biblioteca Central 03/06/2013 Donacion CD   Tesis 33724002375066 31/12/2019 03/06/2013 CD    
    Clasificación Universidad Autónoma de Chapingo   Préstamo 3 días   Tesis Biblioteca Central Biblioteca Central 31/12/2019 Donacion TESIS   Tesis 33724000999678 31/12/2019 31/12/2019 Tesis Planta alta - Área de Tesis - Tesis c.2
    Clasificación Universidad Autónoma de Chapingo   Préstamo interno   Tesis Biblioteca Central Biblioteca Central 31/12/2019   TESIS   Tesis 00000001033861 31/12/2019 31/12/2019 Tesis Planta alta - Área de Tesis - Tesis